| 000 -LEADER |
| fixed length control field |
01087cam a2200313 a 4500 |
| 001 - CONTROL NUMBER |
| control field |
401576 |
| 003 - CONTROL NUMBER IDENTIFIER |
| control field |
OSt |
| 005 - DATE AND TIME OF LATEST TRANSACTION |
| control field |
20230112112427.0 |
| 008 - FIXED-LENGTH DATA ELEMENTS--GENERAL INFORMATION |
| fixed length control field |
220712s2017 enka c 000 0 eng d |
| 020 ## - INTERNATIONAL STANDARD BOOK NUMBER |
| International Standard Book Number |
9781408331644 |
| Qualifying information |
(pbk.) : |
| 037 ## - SOURCE OF ACQUISITION |
| Source of stock number/acquisition |
公共圖書館臺東分區資源中心 |
| 040 ## - CATALOGING SOURCE |
| Original cataloging agency |
NF |
| Transcribing agency |
TTCT |
| Modifying agency |
TTCT |
| -- |
KH8 |
| 042 ## - AUTHENTICATION CODE |
| Authentication code |
nbic |
| 082 0# - DEWEY DECIMAL CLASSIFICATION NUMBER |
| Classification number |
823.92 BRI |
| Item number |
B855 |
| 100 1# - MAIN ENTRY--PERSONAL NAME |
| Personal name |
Bright, Rachel. |
| Relator term |
author |
| 245 14 - TITLE STATEMENT |
| Title |
The koala who could / |
| Statement of responsibility, etc. |
Rachel Bright, Jim Field. |
| 260 ## - PUBLICATION, DISTRIBUTION, ETC. |
| Place of publication, distribution, etc. |
London : |
| Name of publisher, distributor, etc. |
Orchard, |
| Date of publication, distribution, etc. |
2017. |
| 300 ## - PHYSICAL DESCRIPTION |
| Extent |
1 v. (unpaged) : |
| Other physical details |
col. ill. ; |
| Dimensions |
30 cm. |
| 500 ## - GENERAL NOTE |
| General note |
Originally published : 2016. |
| 520 ## - SUMMARY, ETC. |
| Summary, etc. |
Meet Kevin, a koala who likes to keep everything exactly the same. But when change comes along uninvited one day, Kevin discovers life can be new and wonderful. |
| 650 #0 - SUBJECT ADDED ENTRY--TOPICAL TERM |
| Topical term or geographic name entry element |
Koala |
| Form subdivision |
Juvenile fiction. |
| 650 #0 - SUBJECT ADDED ENTRY--TOPICAL TERM |
| Topical term or geographic name entry element |
Animals |
| Geographic subdivision |
Australia |
| Form subdivision |
Juvenile fiction. |
| 650 #0 - SUBJECT ADDED ENTRY--TOPICAL TERM |
| Topical term or geographic name entry element |
Change |
| Form subdivision |
Juvenile fiction. |
| 650 #0 - SUBJECT ADDED ENTRY--TOPICAL TERM |
| Topical term or geographic name entry element |
Friendship |
| Form subdivision |
Juvenile fiction. |
| 653 ## - INDEX TERM--UNCONTROLLED |
| Uncontrolled term |
英語學習 |
| 653 ## - INDEX TERM--UNCONTROLLED |
| Uncontrolled term |
青少年 |
| 700 1# - ADDED ENTRY--PERSONAL NAME |
| Personal name |
Field, Jim, |
| Dates associated with a name |
1980- |
| Relator term |
author |
| 942 ## - ADDED ENTRY ELEMENTS (KOHA) |
| Source of classification or shelving scheme |
|
| Koha item type |
Books - Non Ficton |